000 00593nam a2200205Ia 4500
005 20250507130233.0
008 008 250505s9999 xx 000 0 eng d
037 _aSeries Article
040 _aEASL
_beng
_cEASL
041 _aeng
_2eng
084 _qEASL
100 _aMcguinness Paul B
_9669014
245 0 _aListing of chinese state -owned banks and their path to banking and ownership reform
260 _aUK
_bUK Cambridge Univesity Press UK
_c2010
300 _a125-155
650 _aChina
700 _aKeasey Kevin
942 _cSRA
999 _c1318490
_d1318490